| 000 | 00602nam a2200193Ia 4500 | ||
|---|---|---|---|
| 008 | 191130s2008##################000#0#eng## | ||
| 020 | _a9780521694261 | ||
| 040 |
_aACL _cACL |
||
| 082 | _a146.4 GLO | ||
| 100 | _aGlock, Hans-Johann | ||
| 245 |
_aWhat is analytic philosophy? _cHans-Johann Glock |
||
| 260 |
_aCambridge _bCambridge University Press _c2008 |
||
| 300 | _axii, 292 p. : ill. ; 24 cm. | ||
| 500 | _aIncludes bibliographical references (p. 262-282) and index | ||
| 650 | _aAnalysis (Philosophy) | ||
| 990 | _a662fff7eac10000c5a8ea9d2e5c73a6a | ||
| 991 | _a179779 | ||
| 999 |
_c431145 _d431145 |
||